| 000 -LEADER |
| fixed length control field |
00864nam a2200277Ia 4500 |
| 001 - CONTROL NUMBER |
| control field |
20686 |
| 003 - CONTROL NUMBER IDENTIFIER |
| control field |
GE_BSU |
| 005 - DATE AND TIME OF LATEST TRANSACTION |
| control field |
20210303202118.0 |
| 008 - FIXED-LENGTH DATA ELEMENTS--GENERAL INFORMATION |
| fixed length control field |
181216s2006|||| |||||||||||||| ||eng|| |
| 020 ## - INTERNATIONAL STANDARD BOOK NUMBER |
| International Standard Book Number |
9780781759939 |
| 040 ## - CATALOGING SOURCE |
| Transcribing agency |
GE_BSU |
| 041 ## - LANGUAGE CODE |
| Language code of text/sound track or separate title |
eng |
| 080 ## - UNIVERSAL DECIMAL CLASSIFICATION NUMBER |
| Universal Decimal Classification number |
616.8 S-69 |
| 100 ## - MAIN ENTRY--PERSONAL NAME |
| Personal name |
Snell, Richard S. |
| 9 (RLIN) |
10310 |
| 245 ## - TITLE STATEMENT |
| Title |
Clinical Neuroanatomy / |
| Statement of responsibility, etc. |
Richard S. Snell ; Managing editor Elena Coler |
| 250 ## - EDITION STATEMENT |
| Edition statement |
sixth edition |
| 264 ## - PRODUCTION, PUBLICATION, DISTRIBUTION, MANUFACTURE, AND COPYRIGHT NOTICE |
| Place of production, publication, distribution, manufacture |
Philadelfia : |
| Name of producer, publisher, distributor, manufacturer |
Lippincott Williams & Wilkin, |
| Date of production, publication, distribution, manufacture, or copyright notice |
2006. |
| 300 ## - PHYSICAL DESCRIPTION |
| Extent |
539 p. : |
| Other physical details |
1CD ; |
| Dimensions |
28cm. |
| 653 ## - INDEX TERM--UNCONTROLLED |
| keyword |
Clinical Neuroanatomy |
| 653 ## - INDEX TERM--UNCONTROLLED |
| keyword |
Клиническая нейроанатомия |
| 653 ## - INDEX TERM--UNCONTROLLED |
| keyword |
კლინიკური ნეიროანატომია |
| 653 ## - INDEX TERM--UNCONTROLLED |
| keyword |
მედიცინა |
| 700 ## - ADDED ENTRY--PERSONAL NAME |
| Personal name |
Coler, Elena |
| Relator term |
Editor |
| 9 (RLIN) |
10311 |
| 942 ## - ADDED ENTRY ELEMENTS (KOHA) |
| Koha item type |
წიგნი |
| Source of classification or shelving scheme |
|